000 01900nam a2200445Ii 4500
001 DIGFUNB0010
003 NyNyDIG
008 140701s2006 sp a ob 000 1 spa d
006 m o d
007 cr |||||||||||
020 _z9788496601109
020 _z8496601102
035 _a(OCoLC)890679424
041 1 _aspa
_heng
040 _aDGITA
_beng
_erda
_epn
_cDGITA
050 1 4 _aPS2116 eBook
100 1 _aJames, Henry,
_d1843-1916,
_eauthor.
240 1 0 _aRoderick Hudson.
_lSpanish
245 1 0 _aRoderick Hudson /
_cHenry James ; traducción y postfacio de Pedro Calatayud ; con un prefacio del autor en apéndice ; traducido por B. Leboulleux y J.M. Lacruz]
250 _aPrimera edición.
264 1 _aMadrid :
_bEditorial Funambulista,
_c2006.
300 _a1 online resource (519 pages).
336 _atext
_btxt
_2rdacontent
337 _acomputer
_bc
_2rdamedia
338 _aonline resource
_bcr
_2rdacarrier
490 1 _aGrandes clásicos
500 _aOriginally published under the title: Roderick Hudson. Boston, J.R. Osgood, 1876, 1875. Originally published in the Atlantic monthly, 1876.
588 0 _aOnline resource; title from ePub and PDF title page (Digitalia, viewed July 5, 2014)
655 0 _aElectronic books.
700 1 _aCalatayud Agulló, Pedro,
_econtributor agent of text,
_etranslator.
700 1 _aLacruz Bassols, Max,
_etranslator.
700 1 _aLeboulleux del Castillo, Beatriz,
_etranslator.
791 2 _aDigitalia (Firm),
_edistributor.
793 0 _gDigitalia eBook Collection:
_aEditorial Funambulista.
776 0 8 _iPrint version:
_aJames, Henry.
_tRoderick Hudson.
_dMadrid : Funambulista, 2006
_z9788496601109
_w(OCoLC)433963345
830 0 _aGrandes clásicos (Editorial Funambulista).
856 4 0 _3Digitalia Hispánica
_uhttps://www.digitaliapublishing.com/a/20891/
910 _aPremium Collection: 2013
942 _cRAA
999 _c237155
_d237155